000 00964nam a2200289 i 4500
003 DO-SdBNP
005 20250331104240.0
007 ta
008 110413s2002 dr a 000 j spa d
020 _a9993488925
040 _aDO-SdBNP
_bspa
_cBNPHU
_erda
082 4 _axxx
_bR741c
_222
100 1 _aRojas Espejo, Ricardo,
_eautor
_d1956-
_4aut.
_911765
245 1 0 _aComo si hubieran matado un ángel /
_cRicardo Rojas Espejo
264 4 _aSanto Domingo :
_bEdiciones Ángeles de Fierro,
_c©2002.
300 _a74 páginas :
_bIlustraciones ;
_c18 cm.
336 _atexto
_btxt
_2rdacontent
337 _asin mediación
_bn
_2rdamedia
338 _avolumen
_bnc
_2rdacarrier
490 1 _aColección Literaria
490 1 _aCuentos
_v2
500 _aIncluye datos biográficos del autor en la solapa de la contracubierta.
590 _aInventariado, 2023/ YL
830 _aColección Literaria
_n3
_pCuentos
_987285
910 _aYLockward
942 _2ddc
_cLBS1
999 _c54579
_d54579